| 000 | 00668nac a22001451u 4500 | ||
|---|---|---|---|
| 008 | 080828s1951 eu||||| |||| 00| 0 ara d | ||
| 082 |
_a160 _bت ي م |
||
| 245 |
_aنقض المنطق/ _cتأليف ابن تيمية؛ حقق الأصل المخطوط وصححه محمد بن عبد الرازق حمزة ؛ سليمان بن عبد الرحمن الصنيع؛ صححه محمد حامد الفقى |
||
| 260 |
_aالقاهرة : _bمطبعة السنة المحمدية، 1951 _c1951. |
||
| 300 |
_a216 ؛ص _c24 سم |
||
| 511 | _aCatalogued by: Sara | ||
| 541 |
_aألف باء ؛ _cشراء ؛ |
||
| 650 |
_aالمنطق _913686 |
||
| 942 |
_cBB _k160 ت ي م _2ddc |
||
| 999 |
_c6057 _d6057 |
||